| 000 | 00743nam a2200217Ia 4500 | ||
|---|---|---|---|
| 999 |
_c48166 _d48166 |
||
| 003 | GCL | ||
| 005 | 20240530104512.0 | ||
| 008 | 140319s9999 xx 000 0 ara d | ||
| 040 |
_aGCL / _cGCL |
||
| 082 | 0 | 4 |
_a796.33 _bإ أ |
| 100 | 0 | _aابراهيم شعلان | |
| 245 | 1 | 0 |
_aاسس بناء كرة القدم الشاملة / _cابراهيم شعلان ، عمرو ابوالمجد |
| 260 |
_aالقاهرة : _bالمكتبة الاكاديمية ، _c1996 |
||
| 300 | _a335 ص | ||
| 490 |
_aالهيئة العامة للاستعلامات _v0 |
||
| 650 | 0 | 4 | _aالالعاب الرياضية |
| 650 | 0 | 4 | _aكرة القدم |
| 650 | 0 | 4 | _aكرة القدم - تدريب |
| 700 | 1 | _aعمرو ابوالمجد | |
| 942 |
_2ddc _cBK |
||